Bilecik Bilecik Bilecik Bilecik Bilecik

Ulu çınarın kökleri/ (Record no. 12837)

MARC details
000 -BAŞLIK
Sabit Uzunluktaki Kontrol Alanı 01068nam a22003377a 4500
001 - KONTROL NUMARASI
Control Dosyası 0012870
003 - KONTROL NUMARASI KİMLİĞİ
Kontrol Alanı KOHA_MİRAKIL
005 - EN SON İŞLEM TARİHİ ve ZAMANI
Kontrol Alanı 20260207001903.0
007 - FİZİKSEL TANIM SABİT ALAN - GENEL BİLGİ
Sabit uzunluklu kontrol alanı ta
008 - SABİT UZUNLUKTAKİ VERİ ÖGELERİ - GENEL BİLGİ
Sabit Alan 100208b1995 tu |||gr||||#||||1|tur |
020 ## - ISBN - ULUSLARARASI STANDART KİTAP NUMARASI
Isbn 9751109442
040 ## - KATALOGLAMA KAYNAĞI
Özgün Kataloglama Kurumu TR-BiSEU
Kataloglama Dili tur
Çeviri Kurumu TR-BiSEU
Açıklama Kuralları rda
041 0# - DİL KODU
Metin ya da ses kaydının dil kodu tur
044 ## - YAYINLAYAN/ÜRETEN KURULUŞUN ÜLKE KODU
ISO country code tu
050 ## - SINIFLAMA ve YER NUMARASI
Sınıflama Numarası PL220
Yer Numarası .Y55 1995
100 1# - KİŞİ ADI
Yazar Adı (Kişi adı) Yılmaz, İsmail.
245 1# - ESER ADI BİLDİRİMİ
Başlık Ulu çınarın kökleri/
Sorumluluk Bildirimi İsmail Yılmaz ; İsmail Yılmaz.
264 #1 - ÜRERİM, YAYIN, DAĞITIM ve TELİF BİLDİRİMİ
Yayın yeri İstanbul :
Yayınlayan MEB
Yayın tarihi 1995
300 ## - FİZİKSEL TANIMLAMA
Sayfa, Cilt vb. 99 sayfa; 19 cm.
336 ## - İÇERİK TÜRÜ
Content type term metin
Content type code txt
Source rdacontent
337 ## - MEDYA TÜRÜ
Media type term aracısız
Media type code n
Source rdamedia
338 ## - TAŞIYICI TÜRÜ
Carrier type term cilt
Carrier type code nc
Source rdacarrier
490 1# - DİZİ BİLDİRİMİ
Dizi Bildirimi Milli Eğitim Bakanlığı Yayınları ;
Cilt Numarası 2814.
490 1# - DİZİ BİLDİRİMİ
Dizi Bildirimi Bilim ve Kültür Eserleri Dizisi ;
Cilt Numarası 807.
490 1# - DİZİ BİLDİRİMİ
Dizi Bildirimi Türk edebiyat dizisi ;
Cilt Numarası 24.
650 #0 - KONU BAŞLIĞI EK GİRİŞ - KONU TERİMİ
Konusal terim veya coğrafi ad Türk edebiyatı.
9 (RLIN) 6754
830 1# - SERİ EK GİRİŞİ - TEKBİÇİM ESER ADI
Tekbiçim Başlık Milli Eğitim Bakanlığı Yayınları ;
Volume number/sequential designation 2814.
9 (RLIN) 17955
830 1# - SERİ EK GİRİŞİ - TEKBİÇİM ESER ADI
Tekbiçim Başlık Bilim ve Kültür Eserleri Dizisi ;
Volume number/sequential designation 807.
9 (RLIN) 13435
830 1# - SERİ EK GİRİŞİ - TEKBİÇİM ESER ADI
Tekbiçim Başlık Türk edebiyat dizisi ;
Volume number/sequential designation 24.
9 (RLIN) 30782
942 ## - EK GİRİŞ ÖGELERİ (KOHA)
Source of classification or shelving scheme Library of Congress Classification
Koha item type Book
Holdings
Materyal Türü Kalıcı Konum Mevcut Konum Raf Yeri Sınıflandırma Kaynağı Edinim Bilgisi Ana Konular Alt Konular Yer Numarası Demirbaş Numarası Fatura Tarihi Geri Çekilme Durumu Kayıp Durumu Hasarlı Durumu Kredi için değil Kayıt Tarih Toplam Ödünçverme Son Görülme Tarihi Son Kontrol Tarihi Genel / Bağış Notu
Book Prof. Dr. Azmi Özcan Kütüphanesi Prof. Dr. Azmi Özcan Kütüphanesi Birûni Salonu Library of Congress Classification Bağış DİL VE EDEBİYAT Doğu Asya, Afrika, Okyanusya Dilleri ve Edebiyatları PL220 .Y55 1995 0012870 02/02/2026         08/02/2010   05/12/2024 05/12/2024 Genel Bağış